| 000 | 01257nam a22002777a 4500 | ||
|---|---|---|---|
| 999 |
_c43797 _d43797 |
||
| 001 | 14981 | ||
| 003 | CO-MdFUSB | ||
| 005 | 20170922091728.0 | ||
| 008 | 170922t2002 sp ||||| |||| 00| 0 spa d | ||
| 020 | _a84-8169-501-7 : 69.700 | ||
| 040 |
_aCO-MdFUSB _bspa _cCO-MdFUSB _dCO-MdFUSBC _erda |
||
| 041 | _aspa | ||
| 082 | 0 | 4 | _aG 223.8 Z25f |
| 100 | 1 |
_aZamora, Pedro _eautor |
|
| 245 | 1 | 0 |
_aFe, Política y economía en Eclesiastés _b : Eclesiastés a la luz de la Biblia hebrea, Sira y Qumán |
| 264 | 4 |
_aEstella, Nav. : _bVerbo Divino, _c©2002 |
|
| 300 | _a360 p. | ||
| 336 |
_2rdacontent _atexto _btxt |
||
| 337 |
_2rdamedia _asin mediación _bn |
||
| 338 |
_2rdacarrier _avolumen _bnc |
||
| 505 | 0 | 0 | _aEl proemio editorial (1,1-11) - Las empresas del rey (1,12-2,11) - Censura explícita de las empresas del rey (2,11-26) - El tiempo predetermina el quehacer político y teológico (3,1-8) - El tiempo, la obra de Dios y la justicia predeterminan el quehacer político y teológico (3,9-22) - El epílogo editorial: sumario de la obra qoheletiana, y conclusión sobre su relevancia teológica (12,8-14) |
| 653 | _aBiblia A.T. - Eclesiastés | ||
| 653 | _aPolítica en la Biblia | ||
| 653 | _aBiblia A.T. - Eclesiastés - Economía | ||
| 942 | _cBK | ||